| 000 | 00420nam a22001457a 4500 | ||
|---|---|---|---|
| 020 | _qHB. | ||
| 040 | _cFIZZA ISHAQ | ||
| 082 |
_a438.2421 _bDAV |
||
| 100 |
_aDOLLENMAYER,B.DAVID. _9132526 |
||
| 245 |
_aNEUE HORIZONTE A FIRST COURSE IN GERMAN LANGUAGE AND CULTURE / _cDAVID B.DOLLENMAYER. |
||
| 250 | _a3RD ED. | ||
| 260 |
_aCANADA; _bD.C HEATH AND COMPANY, _c1992. |
||
| 300 |
_a550 P. ; _c9.8X7.8IN |
||
| 942 |
_2ddc _cBK |
||
| 999 |
_c615665 _d615665 |
||